| 000 | 00598nam a2200181 a 4500 | ||
|---|---|---|---|
| 001 | 1073 | ||
| 003 | CDMR | ||
| 005 | 20131002104331.0 | ||
| 008 | 130130s1967||||||||||||||||||||||||||||d | ||
| 040 |
_aCDMR _bcat _cCDMR |
||
| 100 | 1 |
_aGonzález Casanova, José Antonio _9378 |
|
| 245 | 1 | 3 |
_aEl régimen político de la televisión _cJuan Antonio González Casanova ; prólogo de Manuel Jiménez de Parga |
| 260 |
_aBarcelona _c1967 _bNova Terra |
||
| 490 | 0 |
_aSíntesis (Nova Terra) _v22 |
|
| 650 | 0 | 4 |
_93205 _aTelevisió _xDret i legislació |
| 650 | 0 | 4 |
_93730 _aPolítica de la televisió |
| 942 |
_cMON _2udc |
||
| 999 |
_c1073 _d1073 |
||